[Event "23rd Open"]
[Site "Schwarzach AUT"]
[Date "2008.08.22"]
[Round "7"]
[White "Raykhman,A"]
[Black "Krivoborodov,E"]
[Result "0-1"]
[WhiteElo "2267"]
[BlackElo "2414"]

1.d4 Nf6 2.c4 e6 3.Nf3 b6 4.a3 Bb7 5.Nc3 d5 6.cxd5 Nxd5 7.Qc2 Be7 8.e4 Nxc3
9.bxc3 O-O 10.Bd3 c5 11.O-O Qc7 12.Qe2 Nd7 13.Rd1 Rfc8 14.a4 e5 15.dxe5 Nxe5
16.Bf4 Bd6 17.Nxe5 Bxe5 18.Bxe5 Qxe5 19.Bc4 Qxe4 20.Qxe4 Bxe4 21.Rd7 Bg6
22.f4 h5 23.f5 Bxf5 24.Rxf7 Bg6 25.Rxa7+ Kh7 26.Rb7 Rcb8 27.Rxb8 Rxb8 28.Bd5 c4
29.a5 bxa5 30.Bxc4 Rb1+ 31.Rxb1 Bxb1 32.Bb3 Kg6 33.Kf2 Kf5 34.Ke3 Ke5 35.g3 Bf5
36.Kd2 Be6 37.Kc2 Bxb3+ 38.Kxb3 Kd5 39.Ka4 Kc4 40.Kxa5 Kxc3 41.Kb5 Kd4 42.Kc6 Ke5
43.Kd7 g5 44.Ke7 h4 45.Kf7 Kf5 46.Kg7 h3 47.Kh6 Kg4 48.Kg6 Kf3 49.Kxg5 Kg2
50.g4 Kxh2 51.Kf6 Kg3 52.g5 h2 53.g6 h1=Q 54.g7 Qd5  0-1

[Event "5th DA Tan Malaysian Open"]
[Site "Kuala Lumpur MAS"]
[Date "2008.08.23"]
[Round "10"]
[White "Li Shilong"]
[Black "Bitoon,R"]
[Result "1-0"]
[WhiteElo "2511"]
[BlackElo "2439"]

1.d4 Nf6 2.c4 e6 3.Nf3 b6 4.a3 Bb7 5.Nc3 d5 6.cxd5 exd5 7.Qa4+ c6 8.Bg5 Be7
9.e3 O-O 10.Bd3 Nbd7 11.O-O h6 12.Bf4 Re8 13.Rad1 Bf8 14.h3 a5 15.Ne5 Nxe5
16.Bxe5 Nd7 17.Bg3 Nf6 18.Rc1 Bd6 19.Ne2 c5 20.dxc5 bxc5 21.Rfd1 Bxg3 22.Nxg3 Qc7
23.Qc2 c4 24.b3 Qe7 25.bxc4 dxc4 26.Bxc4 Qxa3 27.Ra1 Qf8 28.Qb2 Ba6 29.Bxa6 Rxa6
30.Qb5 Rea8 31.Ra4 Qb8 32.Rb1 Nd7 33.Qf5 Qc7 34.Rba1 Ne5 35.Ne4 Rb8 36.Qf4 Rb5
37.Ng3 Qb7 38.Nf5 Nd3 39.Qd4 Rg6 40.Nh4 Rd5 41.Qe4 Re6 42.Qf3 Rf6 43.Qe4 Nxf2
44.Qc4 Qa7 45.Kh2 Rc5 46.Qb3 Kf8 47.Rc4  1-0

[Event "X Sants Open"]
[Site "Barcelona ESP"]
[Date "2008.08.25"]
[Round "4"]
[White "Almeida Quintana,O"]
[Black "De Vreugt,D"]
[Result "1-0"]
[WhiteElo "2524"]
[BlackElo "2427"]

1.d4 Nf6 2.Nf3 e6 3.c4 b6 4.a3 Ba6 5.Qc2 c5 6.d5 exd5 7.cxd5 g6 8.Nc3 Bg7
9.Bf4 O-O 10.Bd6 Re8 11.Rd1 Qc8 12.a4 Bb7 13.e3 Na6 14.Bc4 Nb4 15.Qe2 Ne4
16.Nxe4 Rxe4 17.b3 Bc3+ 18.Kf1 Qd8 19.Nd2 Re8 20.Qf3 a6 21.Ne4 Rxe4 22.Qxe4 b5
23.Bxc5 bxc4 24.Qxc4 Nxd5 25.Rxd5 Bxd5 26.Qxd5 Rc8 27.Ba3 Qf6 28.g3 Bb2 29.Bxb2 Qxb2
30.Kg2 Rc2 31.Rf1 Rd2 32.Qa5 Rd6 33.b4 Qd2 34.h4 Rd5 35.Qxa6 Kg7 36.Qc4 Rd6
37.a5 Qb2 38.b5 Rd2 39.a6 d5 40.Qa4 d4 41.exd4  1-0

[Event "44th Rubinstein Mem Open A"]
[Site "Polanica Zdroj POL"]
[Date "2008.08.25"]
[Round "7"]
[White "Fistek,D"]
[Black "Kveinys,A"]
[Result "0-1"]
[WhiteElo "2208"]
[BlackElo "2527"]

1.d4 Nf6 2.c4 e6 3.Nf3 b6 4.a3 c5 5.Nc3 cxd4 6.Nxd4 a6 7.e4 Qc7 8.Be3 Bb7
9.f3 d6 10.Be2 Nbd7 11.Rc1 Be7 12.O-O O-O 13.b4 Rac8 14.Qd2 Qb8 15.Rfd1 Rfe8
16.Nb3 Bd8 17.Bf1 Bc7 18.Kh1 d5 19.cxd5 exd5 20.Nxd5 Nxd5 21.exd5 Bxh2 22.Rxc8 Bxc8
23.d6 Bxd6 24.Qxd6 Qxd6 25.Rxd6 Rxe3 26.Bxa6 Bxa6 27.Rxd7 h5 28.Ra7 Bf1 29.Nd2 Bxg2+
30.Kxg2 Re2+ 31.Kg3 Rxd2 32.Rb7 Ra2 33.Rxb6 Rxa3 34.b5 Rb3 35.Rb8+ Kh7 36.b6 g6
37.b7 Rb4 38.Kh3 Kg7 39.Kg3 Kf6 40.Kf2 Rb3 41.Kg2 Kf5 42.Kg3 Rb2  0-1

[Event "XIII Konik Morski Open A"]
[Site "Rewal POL"]
[Date "2008.08.26"]
[Round "6"]
[White "Jagodzinski,W"]
[Black "Korosciel,A"]
[Result "0-1"]
[WhiteElo "2141"]
[BlackElo "2067"]

1.d4 Nf6 2.Nf3 e6 3.c4 b6 4.a3 Bb7 5.Nc3 d5 6.Bg5 Be7 7.e3 h6 8.Bh4 O-O 9.Rc1 c6
10.Bd3 Nbd7 11.cxd5 exd5 12.O-O Ne4 13.Bxe7 Qxe7 14.b4 Ndf6 15.Qe2 Rfc8 16.Na4 Qe8
17.Qc2 Nd7 18.Rfe1 c5 19.dxc5 bxc5 20.Nxc5 Ndxc5 21.bxc5 Rxc5 22.Qb2 Rxc1
23.Rxc1 Rc8 24.Rb1 Nc5 25.Bf5 Rc7 26.Nd4 g6 27.Bc2 Ba6 28.Qb4 Nd3 29.Qd6 Qc8
30.h4 Rd7 31.Qf6 Rb7 32.Rxb7 Qxb7 33.h5 Qb6 34.Qe7 Kg7 35.hxg6 Kxg6 36.Qe8 Qf6
37.Nf3 Kg7 38.Qb8 Qa1+ 39.Kh2 Qb2 40.Qg3+ Kh7 41.Nd4 Qxa3 42.Qf4 Kg8 43.Qxh6 Qe7
44.g3 Bc4 45.Nf5 Qe5 46.Qg5+ Kh8 47.Qh5+ Kg8 48.Nh6+ Kg7 49.Nf5+ Kg8 50.Qg5+ Kh8
51.Qd8+ Kh7 52.Nh4 Qb2 53.Qf8 Qf6 54.f4 d4 55.Qc5 Ba6 56.Qh5+ Kg8 57.Qg4+ Kf8
58.Nf5 Nf2 59.Qh5 d3 60.Ba4 d2 61.Nd4 Qg6 62.Qh8+ Qg8 63.Qh6+ Qg7 64.Qd6+ Kg8  0-1

[Event "X Sants Open"]
[Site "Barcelona ESP"]
[Date "2008.08.29"]
[Round "8"]
[White "Almeida Quintana,O"]
[Black "Matnadze,A"]
[Result "1-0"]
[WhiteElo "2524"]
[BlackElo "2411"]

1.d4 Nf6 2.c4 e6 3.Nf3 b6 4.a3 Bb7 5.Nc3 g6 6.d5 Bg7 7.e4 exd5 8.cxd5 Qe7
9.Bd3 Nxd5 10.Nxd5 Bxd5 11.O-O Bb7 12.Bg5 Qe6 13.Rc1 O-O 14.b4 Nc6 15.Re1 Ne5
16.Nxe5 Qxe5 17.f4 Qd6 18.Qe2 c5 19.e5 Qe6 20.bxc5 bxc5 21.Qf2 Rab8 22.f5 Qb3
23.Bc4 Qxa3 24.Be7 Rbc8 25.Bxf8 Rxf8 26.Qc2 Qa5 27.fxg6 hxg6 28.Qxg6 Qd2
29.Rcd1 Qc3 30.Qg4 Bc6 31.Re2 a5 32.h3 Kh8 33.Qh5+ Kg8 34.Qg4 Kh8 35.Kh1 Bh6
36.Bd3 Rg8 37.Qf5 Rg6 38.Qxf7 c4 39.Qxg6  1-0

[Event "16th Nikea Open"]
[Site "Athens GRE"]
[Date "2008.08.30"]
[Round "7"]
[White "Dobrev,Nan"]
[Black "Rusev,K"]
[Result "1-0"]
[WhiteElo "2423"]
[BlackElo "2508"]

1.d4 Nf6 2.Nf3 e6 3.c4 b6 4.a3 Bb7 5.Nc3 d5 6.cxd5 Nxd5 7.Bd2 Nf6 8.Bg5 Be7
9.e3 O-O 10.Be2 Nbd7 11.O-O c5 12.Rc1 Nd5 13.Bxe7 Qxe7 14.Qa4 a6 15.Nxd5 Bxd5
16.dxc5 Nxc5 17.Qf4 a5 18.b4 axb4 19.axb4 Bxf3 20.gxf3 e5 21.Qg4 f5 22.Qc4+ Ne6
23.Qd5 Kh8 24.Qxe5 f4 25.Rc6 Rae8 26.Rxb6 Qf7 27.Bc4 Ng5 28.Qxg5 Qxc4 29.Rb7 Qc3
30.exf4 h6 31.Qg4 Qd4 32.Rd7 Qb2 33.Kg2 Rg8 34.f5 Rb8 35.Rd4 Rgf8 36.Rfd1 Rb5
37.R1d2 Qc3 38.R2d3 Qb2 39.Rf4 Qf6 40.Rdd4 Rb6 41.Rd7 Rb5 42.h4 Kg8 43.Re4 h5
44.Qg3 Rxf5 45.Ree7 g6 46.Qc7 Ra8 47.Rd8+ Rxd8 48.Qxd8+ Qf8 49.Re8  1-0

[Event "XLII Open"]
[Site "Mislata ESP"]
[Date "2008.08.30"]
[Round "8"]
[White "Gomez Jurado,L"]
[Black "Franco Alonso,A"]
[Result "0-1"]
[WhiteElo "2299"]
[BlackElo "2472"]

1.d4 Nf6 2.Nf3 e6 3.c4 b6 4.a3 c5 5.d5 Ba6 6.Qc2 exd5 7.cxd5 g6 8.Nc3 Bg7
9.Bg5 O-O 10.e4 Bxf1 11.Rxf1 Re8 12.O-O-O d6 13.Rfe1 h6 14.Bh4 g5 15.Bg3 Nh5
16.Kb1 Nxg3 17.hxg3 Nd7 18.Nh2 b5 19.f4 b4 20.axb4 cxb4 21.Nb5 Qa5 22.Nxd6 b3
23.Qxb3 Rab8 24.Nb7 Qa6 25.e5 Rxb7 26.Qa2 Qb5 27.Nf3 Reb8 28.Rd2 Nb6 29.Rc1 Na4
30.Ka1 Nc5 31.Nd4 Qb4 32.Rcd1 Rb6 33.Nc6 Nb3+ 34.Qxb3 Qxb3 35.Nxb8 Rxb8 36.d6 gxf4
37.gxf4 Qa4+ 38.Kb1 Qxf4 39.d7 Rd8  0-1

[Event "X Sants Open"]
[Site "Barcelona ESP"]
[Date "2008.08.31"]
[Round "10"]
[White "Almeida Quintana,O"]
[Black "Lubczynski,R"]
[Result "1/2-1/2"]
[WhiteElo "2524"]
[BlackElo "2414"]

1.d4 Nf6 2.c4 e6 3.Nf3 b6 4.a3 c5 5.e3 Bb7 6.Bd3 Be7 7.O-O O-O 8.Nbd2 cxd4
9.exd4 d5 10.b3 Nbd7 11.Re1 Rc8 12.Bb2 Rc7 13.Qe2 Qa8 14.Ng5 g6 15.f4 Nh5
16.g3 Ng7 17.Rf1 h6 18.Ngf3 f5 19.h4 Bf6 20.Ne5 Nxe5 21.dxe5 Be7 22.Kh2 dxc4
23.Nxc4 Bd5 24.a4 Rd8 25.Rac1 Rdc8 26.Bd4 h5 27.Rc2 Ne8 28.Rfc1 Bb4 29.Bb2  1/2-1/2

[Event "Okie Masters"]
[Site "Tulsa USA"]
[Date "2008.08.31"]
[Round "3"]
[White "Schoonmaker,N"]
[Black "Bayaraa,Z"]
[Result "1/2-1/2"]
[WhiteElo "2195"]
[BlackElo "2179"]

1.d4 Nf6 2.c4 e6 3.Nf3 b6 4.a3 Bb7 5.Nc3 Be7 6.d5 d6 7.e4 e5 8.Bd3 O-O 9.h3 Nbd7
10.b4 a5 11.Be3 Re8 12.O-O Bf8 13.Nd2 g6 14.bxa5 Rxa5 15.Nb3 Ra8 16.a4 Nc5
17.a5 Nxd3 18.Qxd3 bxa5 19.Nxa5 Ba6 20.Nc6 Qd7 21.Rfb1 Nh5 22.Na7 Bc8 23.c5 dxc5
24.Qc4 Nf4 25.Bxc5 Bd6 26.Bxd6 cxd6 27.Qc6 Qxc6 28.Nxc6 Ba6 29.Rb6 Bd3 30.Ra7 Kg7
31.Nb5 Ne2+ 32.Kh2 Bxb5 33.Rxb5 Nc3 34.Rb4 Rxa7 35.Nxa7 Ra8 36.Nc6 Ra4 37.Rxa4 Nxa4
38.Na5 Nc3 39.f3 Kg8 40.Nc4  1/2-1/2

[Event "17th CRO-chT 1a"]
[Site "Sibenik CRO"]
[Date "2008.09.01"]
[Round "5"]
[White "Jankovic,A"]
[Black "Komljenovic,D"]
[Result "1-0"]
[WhiteElo "2532"]
[BlackElo "2452"]

1.d4 Nf6 2.c4 e6 3.Nf3 b6 4.a3 Bb7 5.Nc3 d5 6.cxd5 Nxd5 7.Qc2 Be7 8.e4 Nxc3
9.bxc3 O-O 10.Bd3 c5 11.O-O Qc8 12.Qe2 Ba6 13.Rd1 Bxd3 14.Rxd3 cxd4 15.cxd4 Qa6
16.Ne5 f6 17.Ng4 Nc6 18.Bb2 Nxd4 19.Bxd4 Rad8 20.Bxf6 Qxd3 21.Qxd3 Rxd3 22.Bxe7 Rc8
23.Ne3 Rdc3 24.Kf1 Rc1+ 25.Rxc1 Rxc1+ 26.Ke2 Kf7 27.Bb4 a5 28.Bd6 Ke8 29.Kd2 Rb1
30.Nc4 Kd7 31.Be5 g5 32.Bd4 Rg1 33.Nxb6+ Kc6 34.g3 Rh1 35.Nc4 Kb5 36.Nd6+ Ka4
37.Nf7 Kxa3 38.Nxg5 Kb3 39.Nxe6 Kc4 40.h4 a4 41.Bc5 Kb3 42.Ke3 a3 43.Bxa3 Kxa3
44.Ng5 h6 45.Nf7 h5 46.Ne5 Kb4 47.Nd7 Kc4 48.Nf6 Re1+ 49.Kf4 Kd3 50.f3 Rf1
51.Nxh5 Ke2 52.g4 Rxf3+ 53.Ke5 Kf2 54.g5 Rh3 55.g6 Rxh4 56.Nf6  1-0

[Event "LXXII ch-CRC Fase 2"]
[Site "San Jose CRC"]
[Date "2008.09.04"]
[Round "9"]
[White "Alfaro Rojas,A"]
[Black "Ruiz Blais,S"]
[Result "0-1"]
[WhiteElo "2181"]
[BlackElo "2195"]

1.Nf3 Nf6 2.c4 e6 3.d4 b6 4.a3 Bb7 5.Nc3 d5 6.Bg5 Be7 7.e3 Nbd7 8.cxd5 Nxd5
9.Bxe7 Qxe7 10.Be2 O-O 11.O-O Nxc3 12.bxc3 c5 13.a4 a6 14.Qb3 Rab8 15.Rfd1 Kh8
16.Qb1 f5 17.Qd3 Rbd8 18.Qb1 Rb8 19.Qd3 Rbd8 20.Qb1 Rc8 21.Ne5 Nxe5 22.dxe5 Qg5
23.Bf1 f4 24.exf4 Qxf4 25.Qxb6 Qxf2+ 26.Kh1 Bd5 27.c4 Rb8 28.Qd6 Be4 29.Qxe6 Rb2
30.Qh3 Ra2 31.Qg3 Qd2 32.Rac1 Qb2 33.Qf4 Bxg2+ 34.Kg1 Kg8 35.Qg3 Bc6 36.e6 Ra3  0-1

[Event "DMP Ekstraliga"]
[Site "Karpacz POL"]
[Date "2008.09.06"]
[Round "1"]
[White "Przezdziecka,M"]
[Black "Socko,M"]
[Result "1-0"]
[WhiteElo "2281"]
[BlackElo "2473"]

1.d4 e6 2.Nf3 Nf6 3.c4 b6 4.a3 Bb7 5.Nc3 d5 6.Bg5 Be7 7.Qa4+ c6 8.Bxf6 Bxf6
9.cxd5 exd5 10.g3 O-O 11.Bg2 c5 12.Rd1 Bc6 13.Qc2 Nd7 14.O-O Qe7 15.Rfe1 Rfe8
16.Qb1 Rad8 17.b4 a5 18.b5 Bb7 19.Qa2 Qe6 20.Qd2 Rc8 21.e3 Rc7 22.dxc5 Nxc5
23.Nxd5 Bxd5 24.Qxd5 Qxd5 25.Rxd5 Bb2 26.Rd6 Na4 27.Nd4 Rc3 28.Nc6 Bxa3 29.Rd7 Nc5
30.Ra7 Ne6 31.Rd1 Rc5 32.Bf1 Rf5 33.Rdd7 h5 34.e4 Rf6 35.e5 Rf5 36.Bd3 Rf3
37.Be2 Rf5 38.Bd3 Rf3 39.Kg2 Rxd3 40.Rxd3 Bb2 41.Rdd7 Rf8 42.Rdb7 Nc5 43.Rxb6 a4
44.Ne7+ Kh7 45.Rc6 Ne6 46.Rxa4 Bxe5 47.Rc8 Bd6 48.Rxf8 Nxf8 49.Nc8 Bb8 50.b6 Kg6
51.Ne7+  1-0

[Event "TCh-FIN"]
[Site "Finland FIN"]
[Date "2008.09.07"]
[Round "2"]
[White "Koskinen,Hen"]
[Black "Saastamoinen,A"]
[Result "1-0"]
[WhiteElo "2293"]
[BlackElo "2180"]

1.Nf3 Nf6 2.d4 e6 3.c4 b6 4.a3 a5 5.Nc3 Bb7 6.d5 Bc5 7.g3 O-O 8.Bg2 Re8 9.O-O e5
10.Nh4 g6 11.Bg5 Bf8 12.d6 Bxg2 13.dxc7 Qxc7 14.Nxg2 Qc6 15.Qb3 Ne4 16.Nxe4 Qxe4
17.Ne3 Nc6 18.Nd5 Nd4 19.Nf6+ Kh8 20.Nxe4 Nxb3 21.Bf6+ Kg8 22.Rad1 Rac8 23.Bg5 Be7
24.Rxd7 Bxg5 25.Nxg5 Rxc4 26.Nxf7 Rc2 27.Rfd1 Rxe2 28.Rb7 Nd4 29.Nxe5 R2xe5
30.Rxd4 R5e6 31.Rdd7 h5 32.Kg2 Rf6 33.b4 axb4 34.axb4 Kf8 35.Rh7 Kg8 36.Rhc7 Kf8
37.f4 Rd6 38.Kh3  1-0

[Event "TCh-ESP Hon Gp2"]
[Site "Sabadell ESP"]
[Date "2008.09.07"]
[Round "5"]
[White "Krasenkow,M"]
[Black "Brunello,S"]
[Result "1/2-1/2"]
[WhiteElo "2639"]
[BlackElo "2482"]

1.d4 Nf6 2.c4 e6 3.Nf3 b6 4.a3 Bb7 5.Nc3 g6 6.Qc2 Bg7 7.e4 d6 8.Bd3 Nbd7
9.O-O O-O 10.h3 c5 11.d5 Qe7 12.Bg5 h6 13.Be3 Ne5 14.Nxe5 dxe5 15.b4 exd5
16.Nxd5 Bxd5 17.cxd5 cxb4 18.axb4 Qxb4 19.Rfc1 Rfd8 20.Ra4 Qd6 21.Qa2 Rac8
22.Rxc8 Rxc8 23.Rxa7 Nd7 24.Bb5 Nc5 25.f3 f5 26.exf5 gxf5 27.Bc6 f4 28.Bf2 e4
29.fxe4 Be5 30.Qe2 Qg6 31.Bxc5 bxc5 32.d6 Rb8 33.Qa2+ Kh8 34.Ra8 Qxd6 35.Rxb8+ Qxb8
36.Qa8 Qxa8 37.Bxa8 Kg7 38.Kf2  1/2-1/2

[Event "I Liga Seniorow"]
[Site "Ustron POL"]
[Date "2008.09.10"]
[Round "5"]
[White "Stysiak,S"]
[Black "Pieniazek,Ar"]
[Result "1/2-1/2"]
[WhiteElo "2275"]
[BlackElo "2376"]

1.d4 Nf6 2.c4 e6 3.Nf3 b6 4.a3 Bb7 5.Nc3 d5 6.cxd5 Nxd5 7.Qc2 Be7 8.e4 Nxc3
9.bxc3 O-O 10.Bd3 c5 11.O-O cxd4 12.cxd4 Nc6 13.Bb2 Rc8 14.Qe2 Bf6  1/2-1/2

[Event "II ROMGAZ Open"]
[Site "Bucharest ROU"]
[Date "2008.09.12"]
[Round "2"]
[White "Florescu,C"]
[Black "Miroshnichenko,E"]
[Result "0-1"]
[WhiteElo "2294"]
[BlackElo "2593"]

1.d4 Nf6 2.c4 e6 3.Nf3 b6 4.a3 Bb7 5.Nc3 g6 6.g3 Bxf3 7.exf3 Bg7 8.Bg2 O-O
9.O-O d5 10.f4 c6 11.Qa4 Ne8 12.Rd1 a6 13.Be3 Nd6 14.cxd5 cxd5 15.Rdc1 b5
16.Qd1 Qd7 17.Na2 Nc6 18.Nb4 Nxb4 19.axb4 Rfc8 20.Rc5 Bf8 21.b3 Nf5 22.Rxc8 Qxc8  0-1

[Event "4th Pichay Cup"]
[Site "Manila PHI"]
[Date "2008.09.16"]
[Round "5"]
[White "Mchedlishvili,M"]
[Black "Bitoon,R"]
[Result "1-0"]
[WhiteElo "2604"]
[BlackElo "2439"]

1.c4 e6 2.d4 Nf6 3.Nf3 b6 4.a3 Bb7 5.Nc3 d5 6.cxd5 exd5 7.Bf4 Bd6 8.Bg3 O-O
9.e3 c5 10.Bd3 Nc6 11.O-O c4 12.Bc2 Bxg3 13.fxg3 Re8 14.Qd2 Ne7 15.Nh4 Bc6
16.h3 Qd6 17.g4 b5 18.Qf2 Qe6 19.Nf3 Ng6 20.Rae1 a5 21.g5 Ne4 22.Bxe4 dxe4
23.d5 Bxd5 24.Nd4 Qd7 25.Ndxb5 Rab8 26.a4 Bc6 27.Rd1 Qe7 28.Qg3 Ne5 29.Rf5 Nd3
30.Rdf1 Ne5 31.Nd4 Ba8 32.Ncb5 Rb6 33.Rf6 Qc5 34.R1f5 Rxf6 35.gxf6 g6 36.Rf1 Bc6
37.Nc7 Rc8 38.Rf5 Bxa4 39.Nce6 fxe6 40.f7+ Kh8 41.Nxe6  1-0

[Event "EYg14"]
[Site "Herceg Novi MNE"]
[Date "2008.09.18"]
[Round "4"]
[White "Vasina,O"]
[Black "Chrzaszcz,M"]
[Result "1/2-1/2"]
[WhiteElo "1988"]
[BlackElo "1986"]

1.d4 Nf6 2.c4 e6 3.Nf3 b6 4.a3 Bb7 5.Nc3 Be7 6.e3 O-O 7.Bd3 d5 8.cxd5 exd5
9.O-O c5 10.dxc5 bxc5 11.b3 Nbd7 12.Bb2 Rc8 13.Qe2 h6 14.Ba6 Qb6 15.Bxb7 Qxb7
16.Qc2 Rb8 17.Nd2 Bd6 18.Ne2 a5 19.Rab1 Qc7 20.Ng3 Ng4 21.Nf3 Rbc8 22.Qd2 Ndf6
23.Bxf6 Bxg3 24.hxg3 Nxf6 25.Rfc1 Rfd8 26.Qe2 Qe7 27.Qb5 Ne4 28.Rc2 Rb8 29.Qxa5 Ra8
30.Qe1 Rxa3 31.Nd2 Rc8 32.Qc1 Ra7 33.Nxe4 Qxe4 34.Qd2 c4 35.Rbc1 Rac7 36.Rc3 Qe5
37.bxc4 dxc4 38.Rd1 Rb7 39.Qd4 Qb5 40.Qg4 Rbc7  1/2-1/2

[Event "I Tancats A"]
[Site "Canovelles ESP"]
[Date "2008.09.20"]
[Round "8"]
[White "Almeida Quintana,O"]
[Black "Cruz,F"]
[Result "1-0"]
[WhiteElo "2524"]
[BlackElo "2416"]

1.d4 Nf6 2.c4 e6 3.Nf3 b6 4.a3 Bb7 5.Nc3 d5 6.cxd5 exd5 7.Bg5 Be7 8.e3 O-O
9.Bd3 Nbd7 10.O-O c5 11.Qc2 Rc8 12.Rad1 a6 13.Bf5 g6 14.Bh3 cxd4 15.Rxd4 Rc5
16.Rfd1 Qc7 17.Qb3 Ra5 18.Bxd7 Qxd7 19.Qxb6 Bd8 20.Qb4 Qc7 21.Bf4 Qc8 22.Nd2  1-0

[Event "5th Highlands Open A"]
[Site "Zdar nad Sazavou CZE"]
[Date "2008.09.21"]
[Round "2"]
[White "Rosko,L"]
[Black "Stocek,J"]
[Result "0-1"]
[WhiteElo "2387"]
[BlackElo "2559"]

1.d4 Nf6 2.c4 e6 3.Nf3 b6 4.a3 Ba6 5.Qc2 Bb7 6.Nc3 c5 7.e4 cxd4 8.Nxd4 d6
9.Be2 a6 10.Be3 Qc7 11.O-O Be7 12.f4 Nbd7 13.Rac1 Rc8 14.Qb1 Qb8 15.f5 e5
16.Nb3 h6 17.Nd2 O-O 18.b4 Rfe8 19.Qd3 Bc6 20.Kh1 Qa8 21.Bf3 b5 22.Nd5 Bf8
23.Nc3 Be7 24.Bf2 Qb8 25.Rfd1 Bd8 26.cxb5 axb5 27.Nf1 Bc7 28.Ne3 Bb6 29.Bg1 Qa7
30.Nc2 Bxg1 31.Rxg1 Nb6 32.g4 Qe7 33.Rce1 Nc4 34.Rg2 Nh7 35.Ne3 Ng5 36.Ncd5 Qb7
37.Rg3 Nxe3 38.Qxe3 Bxd5 39.exd5 e4 40.Bd1 Qxd5 41.Bb3 Qe5 42.Rd1 Nf3 43.Bd5 Rc2  0-1

[Event "Zvenigorodskaya Open A"]
[Site "Zvenigorod RUS"]
[Date "2008.09.27"]
[Round "5"]
[White "Zimmerman,Y"]
[Black "Kravtsiv,M"]
[Result "1/2-1/2"]
[WhiteElo "2318"]
[BlackElo "2555"]

1.d4 Nf6 2.c4 e6 3.Nf3 b6 4.a3 Bb7 5.Nc3 d5 6.Qc2 Nbd7 7.cxd5 Nxd5 8.Nxd5 exd5
9.Bg5 Qc8 10.e3 Bd6 11.Bd3 h6 12.Bh4 c5 13.O-O O-O 14.Bh7+ Kh8 15.Bf5 Qc7
16.Bg3 c4 17.Bxd6 Qxd6 18.Bxd7 Qxd7 19.Ne5 Qd6 20.f4 Kg8 21.Rf3 Rac8  1/2-1/2

[Event "ch-Commonwealth"]
[Site "Nagpur IND"]
[Date "2008.09.28"]
[Round "1"]
[White "Swapnil,SD"]
[Black "Cholleti,S"]
[Result "1-0"]
[WhiteElo "2389"]
[BlackElo "1918"]

1.d4 Nf6 2.c4 e6 3.Nf3 b6 4.a3 Bb7 5.Nc3 d5 6.cxd5 Nxd5 7.Qc2 Nxc3 8.bxc3 c5
9.e3 Be7 10.Bb5+ Bc6 11.Bd3 h6 12.e4 Nd7 13.O-O O-O 14.Bb2 Rc8 15.Qe2 Re8
16.Nd2 e5 17.d5 Bb7 18.a4 a5 19.Bb5 Ra8 20.Nc4 Ba6 21.Bxa6 Rxa6 22.Nxe5 Nxe5
23.Qxa6 c4 24.Bc1 Bc5 25.Be3 Bxe3 26.fxe3 Ng4 27.Rae1 Rxe4 28.h3 Nxe3 29.Rf3 Qg5
30.Re2 Nxg2 31.Qc8+ Kh7 32.Rxg2 Re1+ 33.Kh2 Qe5+ 34.Rfg3 h5 35.h4 Qf4 36.d6 g5
37.hxg5 Qf1 38.g6+ Kg7 39.gxf7+  1-0

[Event "ch-Commonwealth"]
[Site "Nagpur IND"]
[Date "2008.09.30"]
[Round "3"]
[White "Pradeep,KR"]
[Black "Grover,S"]
[Result "1/2-1/2"]
[WhiteElo "2250"]
[BlackElo "2306"]

1.Nf3 Nf6 2.c4 e6 3.d4 b6 4.a3 c5 5.Nc3 cxd4 6.Nxd4 Bb7 7.f3 Nc6 8.e4 Nxd4
9.Qxd4 Bc5 10.Qd3 Qb8 11.Be3 O-O 12.O-O-O Bxe3+ 13.Qxe3 Rd8 14.e5 Ne8 15.Bd3 d6
16.f4 dxe5 17.fxe5 Qc7 18.Rhf1 Rd7 19.Rf4 Rad8 20.Rh4 h6 21.Rh3 Kf8 22.g4 Qc5
23.Qe2 a6 24.Rf1 Bg2 25.Qxg2 Rxd3 26.Rxd3 Rxd3 27.Rxf7+ Kxf7 28.Qf1+ Nf6
29.Qxd3 Qxe5 30.h3 a5 31.b4 axb4 32.axb4 Qe1+ 33.Kc2 Qf2+ 34.Kb3 e5 35.c5 bxc5
36.Qc4+ Ke7 37.bxc5 Qd4 38.Qxd4 exd4 39.Nb5  1/2-1/2

[Event "TCh-AUT 2nd Bundesliga Ost 2008-9"]
[Site "Austria AUT"]
[Date "2008.10.03"]
[Round "1"]
[White "Farago,I"]
[Black "Papp,Ga"]
[Result "1/2-1/2"]
[WhiteElo "2489"]
[BlackElo "2509"]

1.d4 Nf6 2.c4 e6 3.Nf3 b6 4.a3 Ba6 5.Qc2 Bb7 6.Nc3 c5 7.e4 cxd4 8.Nxd4 Bc5
9.Nb3 Nc6 10.Bf4 O-O 11.Rd1 e5 12.Bg5 Nd4 13.Nxd4 Bxd4 14.Bd3 Bc6 15.O-O Bxc3
16.Bxf6 Qxf6 17.Qxc3 Qg5 18.Rfe1  1/2-1/2

[Event "TCh-AUT 2nd Bundesliga Ost 2008-9"]
[Site "Austria AUT"]
[Date "2008.10.04"]
[Round "2"]
[White "Miniboeck,G"]
[Black "Vavrak,P"]
[Result "1/2-1/2"]
[WhiteElo "2350"]
[BlackElo "2478"]

1.d4 e6 2.c4 Nf6 3.Nf3 b6 4.a3 Ba6 5.Qc2 c5 6.d5 exd5 7.cxd5 g6 8.Nc3 d6
9.g3 Bg7 10.Bg2 O-O 11.O-O Nbd7 12.Bf4 Qc7 13.Qa4 Nb8 14.Rfe1 Nh5 15.Bd2 Qb7
16.b4 b5 17.Qb3 Nd7 18.bxc5 Nxc5 19.Qb4 Qb6 20.Rab1 Rab8 21.Nd4 Nd3 22.exd3 Bxd4
23.Ne4 f5 24.Bc3 Bxc3 25.Nxc3 Qc5  1/2-1/2

[Event "1st WMSG Blitz Ind w"]
[Site "Beijing CHN"]
[Date "2008.10.04"]
[Round "8"]
[White "Harika,D"]
[Black "Socko,M"]
[Result "1-0"]
[WhiteElo "2461"]
[BlackElo "2434"]

1.Nf3 Nf6 2.c4 e6 3.d4 b6 4.a3 Bb7 5.Nc3 d5 6.Bg5 Be7 7.Bxf6 Bxf6 8.cxd5 exd5
9.Qb3 O-O 10.Rd1 c6 11.g3 Nd7 12.Bg2 Qe7 13.O-O Rfd8 14.Rfe1 Qf8 15.e4 dxe4
16.Nxe4 Be7 17.Ne5 Nxe5 18.dxe5 Rxd1 19.Qxd1 Rd8 20.Qh5 Bc8 21.Nc3 c5 22.Bd5 Be6
23.Bxe6 fxe6 24.Rd1 Rxd1+ 25.Qxd1 Qd8 26.Qg4 Qd7 27.Ne4 Kh8 28.Qf3 Qe8 29.Nd6 Qf8
30.Qxf8+ Bxf8 31.Nc8 c4 32.Nxa7 Bc5 33.Kf1 Bd4 34.Nc6 Bxb2 35.a4 c3 36.Nb4 c2
37.Nxc2 Bxe5 38.Ke2 Kg8 39.Kd3 Kf7 40.Kc4 Bd6 41.Kb5 Bc5 42.a5 Bxf2 43.a6  1-0

[Event "1st WMSG Blitz Ind w"]
[Site "Beijing CHN"]
[Date "2008.10.04"]
[Round "9"]
[White "Golubenko,Valen"]
[Black "Sukandar,I"]
[Result "0-1"]
[WhiteElo "2273"]
[BlackElo "2303"]

1.d4 Nf6 2.c4 e6 3.Nf3 b6 4.a3 Bb7 5.Nc3 d5 6.Bg5 Be7 7.cxd5 Nxd5 8.Bxe7 Qxe7
9.e3 O-O 10.Bd3 c5 11.O-O Rd8 12.Bb1 cxd4 13.exd4 Nf6 14.Qe2 Nc6 15.Rd1 Rd7
16.Ne4 Rad8 17.Qc2 g6 18.Ng3 Nxd4 19.Nxd4 Rxd4 20.Ba2 Qc5 21.Qe2 Qc6 22.f3 Qc5
23.Kh1 Kg7 24.b4 Qc3 25.Rdc1 Qd2 26.Qxd2 Rxd2 27.h4 R8d3 28.Rc7 Rxa3 29.Rxb7 Raxa2
30.Rxa7 Rab2 31.Rg1 Rxb4 32.Nf1 Rxh4+ 33.Nh2 Rd5 34.g3 Rb4 35.Rb7 Rb2 36.Ng4 Rh5+  0-1

[Event "1st WMSG Blitz Ind w"]
[Site "Beijing CHN"]
[Date "2008.10.04"]
[Round "10"]
[White "Harika,D"]
[Black "Sachdev,T"]
[Result "0-1"]
[WhiteElo "2461"]
[BlackElo "2425"]

1.d4 Nf6 2.c4 e6 3.Nf3 b6 4.a3 Bb7 5.Nc3 d5 6.Bg5 Be7 7.Bxf6 Bxf6 8.cxd5 exd5
9.Qb3 O-O 10.Rd1 c6 11.g3 Nd7 12.Bg2 Re8 13.O-O Nf8 14.Rfe1 g6 15.e4 dxe4
16.Nxe4 Bg7 17.Neg5 Qf6 18.Ne5 Re7 19.Ne4 Qe6 20.Qxe6 Rxe6 21.Ng5 Rf6 22.Bh3 Bc8
23.Bg2 Bb7 24.Bf1 Rf5 25.f4 b5 26.Ne4 Rd8 27.Bh3 Rh5 28.Bg4 Rh6 29.Nc5 Ba8
30.Bf3 Rd6 31.Kf2 f5 32.Rd3 Rxh2+ 33.Ke3 Rxb2 34.Bd1 Ne6 35.Nxe6 Rxe6 36.Bb3 Rxb3
37.Rxb3 c5 38.Rxb5 cxd4+ 39.Kd2 Re8 40.Nd3 Rxe1 41.Nxe1 Be4 42.Nd3 Bf8 43.a4 Bd6
44.Ne5 Kg7  0-1

[Event "ch-Commonwealth"]
[Site "Nagpur IND"]
[Date "2008.10.05"]
[Round "10"]
[White "Cholleti,S"]
[Black "Sahoo,U"]
[Result "0-1"]
[WhiteElo "1918"]
[BlackElo "2124"]

1.d4 Nf6 2.c4 e6 3.Nf3 b6 4.a3 Bb7 5.Nc3 d5 6.cxd5 Nxd5 7.Qc2 Be7 8.e4 Nxc3
9.bxc3 O-O 10.Bd3 c5 11.O-O Nd7 12.e5 Kh8 13.Kh1 cxd4 14.cxd4 Rc8 15.Qe2 f6
16.exf6 Bxf6 17.Bb2 Nc5 18.dxc5 Bxb2 19.Qxb2 Qxd3 20.Ne5 Qd5 21.f4 Rxc5 22.Rad1 Qe4
23.Rf3 Rxe5 24.Rdf1 Ba6 25.Rc1 Rxf4 26.Rfc3 h6  0-1

[Event "Icelandic Teams 2008-9"]
[Site "Reykjavik ISL"]
[Date "2008.10.05"]
[Round "4"]
[White "Thorfinnsson,Bj"]
[Black "Stefansson,H"]
[Result "0-1"]
[WhiteElo "2422"]
[BlackElo "2566"]

1.d4 Nf6 2.c4 e6 3.Nf3 b6 4.a3 Bb7 5.Nc3 d5 6.cxd5 Nxd5 7.Qc2 Nxc3 8.bxc3 Be7
9.e4 Nd7 10.Bd3 c5 11.Be3 Qc8 12.Qb1 O-O 13.O-O Rd8 14.a4 Ba6 15.Bb5 Qb7
16.Re1 h6 17.h3 Bxb5 18.axb5 a5 19.bxa6 Rxa6 20.Qb5 Rxa1 21.Rxa1 cxd4 22.Nxd4 Rc8
23.Ne2 Bc5 24.Rd1 Nf6 25.e5 Nd5 26.Bd4 Qc7 27.c4 Nb4 28.Bxc5 Qxc5 29.Qd7 Ra8
30.Qb7 Rf8 31.Kf1 Nc6 32.f4 Na5 33.Qe4 Nxc4 34.Rd3 b5 35.Qd4 Qc6 36.Kg1 b4
37.Rb3 Rb8 38.Kh2 Qc7 39.Ng3 Rd8 40.Qa1 Qb7 41.Qe1 Rd2 42.Ne4 Rb2 43.Nf6+ Kh8
44.Rxb2 Nxb2 45.Qd2 gxf6 46.Qxb2 f5 47.g4 Qe4 48.Qd2 b3 49.Kg3 fxg4 50.hxg4 Kg7
51.Qf2 Qc2 52.Qb6 b2  0-1